| 000 | 00649nam a2200193 a 4500 | ||
|---|---|---|---|
| 005 | 20240315063639.0 | ||
| 008 | 991125s1982 mx 000 0 spa u | ||
| 020 | _a9682409748 | ||
| 035 | _aUPN01000020763 | ||
| 049 | _aCG | ||
| 050 | 4 |
_aPC4111 _bM8.4 |
|
| 100 | 1 |
_aMunguía Zataraín, Irma _929566 |
|
| 245 | 1 | 0 |
_aEspañol : _bcurso 1 : módulo 1 / _cIrma Munguía Zatarain. |
| 260 |
_aMéxico : _bDirección General de Enseñanza Media del Estado de Veracruz, Consejo Editorail Didáctico, _c1982. |
||
| 300 | _a132 p. | ||
| 650 | 4 |
_aLINGUISTICA - _xESTUDIO Y ENSEÑANZA _96846 |
|
| 650 | 4 |
_aEspañol _xEstudio y enseñanza _97357 |
|
| 905 | _aLibro | ||
| 999 |
_c20763 _d20763 |
||